000 00596nam a2200205 a 4500
999 _c5063
_d5063
001 5063
003 BD-JhCC
005 20171207175931.0
008 171207s1966 bg ||||| ||a| 000 0 ben d
035 _a(BD-JhCC) 5063
040 _aBD-JhCC
_dBD-JhCC
041 _aben
082 _a891.4415
_bALI 1966
100 _aআলী, সৈয়দ এমদাদ
245 _aডালি /
_cসৈয়দ এমদাদ আলী
260 _aঢাকা :
_bবাংলা একাডেমী-ঢাকা ,
_c1966
300 _a120 p .:
_c22 cm .
942 _2ddc
_cBK